000
00304nam a22001337a 4500
008
181030b xxu||||| |||| 00| 0 eng d
020
_a
0801625262
041
_a
eng
080
_2
2nd
_a
610.73
100
_a
2
101
_a
INF
245
_a
Standards for Critical Care
_c
Johanson, B.C
942
_2
udc
_c
BK
999
_c
51119
_d
51119